header

'Sorry, lads, but the order is to go' (Record no. 103258)

MARC details
000 -LEADER
fixed length control field 01529nam a2200325 a 4500
100 1# - MAIN ENTRY--AUTHOR NAME
Personal name Cameron, David W.
245 10 - TITLE STATEMENT
Title 'Sorry, lads, but the order is to go'
260 ## - PUBLICATION, DISTRIBUTION, ETC. (IMPRINT)
Place of publication Sydney, Australia :
Name of publisher UNSW Press,
Year of publication 2009.
300 ## - PHYSICAL DESCRIPTION
Number of Pages xiv, 370 p. :
Other physical details ill., maps.
505 0# - FORMATTED CONTENTS NOTE
Formatted contents note pt. 1. Preparation -- pt. 2. 6 August 1915 -- pt. 3. 7 August 1915 -- pt. 4. 8 August 1915 -- pt. 5. 9 August 1915 -- pt. 6. 10 August 1915.
650 #0 - SUBJECT ADDED ENTRY--TOPICAL TERM
Topical Term World War, 1914-1918
856 40 - ELECTRONIC LOCATION AND ACCESS
Uniform Resource Identifier http://site.ebrary.com/lib/rucke/Doc?id=10381408

No items available.

© 2026 Rongo University
Contact us: librarian | system librarian | Rongo university